Szczegóły MARC21

Diagnoza psychologiczna : proces, narzędzia, standardy /

003 -Nazwa inst., której nr kontr. jest w polu 001 [,]
    • @
    • Nazwa instytucji, której n kontrolny jest w polu 001
    • NUKAT
005 -DATA I CZAS OSTATNIEJ MODYFIKACJI [,]
    • @
    • pole kontrolne
    • 20241231103358.0
020 -Międzynarod. znormalizowany nr książki - ISBN [ , ]
    • a
    • Numer ISBN
    • 9788360501184 Find
040 -Instytucja sporządzająca opis [ , ]
    • a
    • Instytucja, która sporządziła opis (NP)
    • TOR U/MS
    • c
    • Instytucja, która sporządziła rekord (NP)
    • TOR U/MS
    • d
    • Instytucja, która zmodyfikowała rekord (P)
    • TOR U/LF
    • d
    • Instytucja, która zmodyfikowała rekord (P)
    • TOR U/GKs
    • d
    • Instytucja, która zmodyfikowała rekord (P)
    • KR U/42KJs
    • d
    • Instytucja, która zmodyfikowała rekord (P)
    • KR U/JOH
942 -Rodzaj dokumentu [ , ]
    • c
    • Rodzaj dokumentu
    • Książka
100 -Hasło główne - nazwa osobowa [1, ]
    • a
    • Nazwa osobowa (NP)
    • Paluchowski, Władysław Jacek
    • d
    • Daty biograficzne (NP)
    • (1947- ).
    • 9
    • KHW
    • 13538
245 -Strefa tytułu i oznaczenia odpowiedzialności [1,0]
    • a
    • Tytuł
    • Diagnoza psychologiczna : Find
    • b
    • Ciąg dalszy tytułu (NP)
    • proces, narzędzia, standardy / Find
    • c
    • Pozostałe elementy strefy tytułu i oznaczenia odpowiedzialności (NP)
    • Władysław Jacek Paluchowski ; kom. nauk. Danuta Kądzielawa [et al.].
260 -Strefa adresu wydawniczego [ , ]
    • a
    • Miejsce wydania (P)
    • Warszawa :
    • b
    • Nazwa wydawcy (P)
    • Wydawnictwa Akademickie i Profesjonalne,
    • c
    • Data wydania (P)
    • cop. 2007.
300 -Strefa opisu fizycznego [ , ]
    • a
    • Określenie formy książki i/lub objętość (NP)
    • 238, [2] s. :
    • b
    • Oznaczenie ilustracji (NP)
    • il. ;
    • c
    • Format (NP)
    • 24 cm.
336 -Typ zawartości [ , ]
    • a
    • Termin opisujący typ zawartości
    • Tekst
    • b
    • Kod określający zawartość
    • txt
    • 2
    • Źródło (terminu i kodu)
    • rdacontent
337 -Typ mediów [ , ]
    • a
    • Tryb odtwarzania
    • Bez urządzenia pośredniczącego
    • b
    • Kod typu mediów
    • n
    • 2
    • Źródło (terminu i kodu)
    • rdamedia
338 -Typ/rodzaj nośnika [ , ]
    • a
    • Hasło opisujące typ nośnika
    • Wolumin
    • b
    • Kod typu nośnika
    • nc
    • 2
    • Źródło (terminu i kodu)
    • rdacarrier
490 -Strefa serii i książki wielotomowej - forma nie do wyszukiwania [1, ]
    • a
    • Tytuł (P)
    • Psychologia Wobec Współczesności : podstawy psychologii Find
830 -Hasło dodatkowe serii i opisu książki wielotomowej - tytuł ujednolicony/tytuł [ ,0]
    • a
    • Tytuł ujednolicony/tytuł (NP)
    • Psychologia Wobec Współczesności
    • 9
    • KHW
    • 516050
504 -Uwaga dot. bibliogr. załącznikowej [ , ]
    • a
    • Uwaga dot. bibliografii załącznikowej
    • Bibliogr. s. 211-228. Indeksy.
521 -Uwaga dot. przeznaczenia czytelniczego [8, ]
    • a
    • Uwaga dot. przeznaczenia czytelniczego
    • Podręcznik przeznaczony dla studentów psychologii, a także innych kierunków humanistycznych, m.in. pedagogiki.
080 -Uniwersalna Klasyfikacja Dziesiętna [ , ]
    • 2
    • Identyfikator wydania tablic
    • UDC-P058
    • a
    • Symbol klasyfikacji
    • 159.9.072
    • b
    • Dopowiedzenie
    • Testy, eksperymenty psychologiczne, pomiary.
    • x
    • Poddział wspólny
    • (075.8)
    • b
    • Dopowiedzenie
    • (Podręczniki dla szkół wyższych. Skrypty).
080 -Uniwersalna Klasyfikacja Dziesiętna [ , ]
    • 2
    • Identyfikator wydania tablic
    • UDC-P058
    • a
    • Symbol klasyfikacji
    • 159.938
    • b
    • Dopowiedzenie
    • Psychofizyka. Psychometria.
    • x
    • Poddział wspólny
    • (075.8)
    • b
    • Dopowiedzenie
    • (Podręczniki dla szkół wyższych. Skrypty).
650 -Hasło przedmiotowe [ ,7]
    • a
    • Hasło przedmiotowe
    • Psychodiagnostyka
    • v
    • Określnik formalny
    • podręczniki akademickie.
    • 2
    • Źródło terminu
    • kaba
    • 9
    • KHW
    • 376195
650 -Hasło przedmiotowe [ ,7]
    • a
    • Hasło przedmiotowe
    • Testy psychologiczne
    • v
    • Określnik formalny
    • podręczniki akademickie.
    • 2
    • Źródło terminu
    • kaba
    • 9
    • KHW
    • 370473
980 -Symbol UKD [ , ]
    • a
    • UKD
    • 159.9.072:159.938](075.8)
700 -Hasło dodatkowe - nazwa osobowa [1, ]
    • a
    • Nazwa osobowa (NP)
    • Kądzielawa, Danuta Find
    • d
    • Daty biograficzne (NP)
    • (1944- ).
    • e
    • Określenie rodzaju współpracy
    • Red.
    • 9
    • KHW
    • 92355
710 -Hasło dodatkowe - nazwa ciała zbiorowego [2, ]
    • a
    • Nazwa ciała zbiorowego lub nazwa geograficzna jako pierwszy element (NP)
    • Wydawnictwa Akademickie i Profesjonalne.
    • 4
    • Kod relacji
    • pbl
    • 9
    • KHW
    • 88619
856 -Dostęp do wersji elektronicznej [4,8]
920 -ISBN [ , ]
    • a
    • ISBN
    • 978-83-60501-18-4 Find
Numer inwentarzowy Status udost. Lokalizacja Data inwentaryzacji
Z.1118231BG2008-11-24
Pd.19690-3BG2008-11-24
Pd.19691-3BG2008-11-24